000
00277nam a22001217a 4500
008
240118b |||||||| |||| 00| 0 eng d
100
_a
Bare Act EBC
245
_a
Commercial Court Act 2015
250
_a
9th
260
_a
Lucknow
_b
EBC
_c
2023
300
_a
45
942
_2
ddc
_c
BK
999
_c
20375
_d
20375